00306nam a2200133Ia 4500008004100000020001500041041001200056082001100068100000900079245003700088260002500125300000800150650001400158221030s9999 xx 000 0 und d a8120323920 aEnglish a105.23 aNIIT 0aWorking With Windows 2000 Server bPHIaNew Delhic2003 a494 aComputers